header

The scar of race (Record no. 51307)

MARC details
000 -LEADER
fixed length control field 01221nam a2200325Ia 4500
082 04 - DEWEY DECIMAL CLASSIFICATION NUMBER
Classification number 305.8
100 1# - MAIN ENTRY--AUTHOR NAME
Personal name Sniderman, Paul M.
245 14 - TITLE STATEMENT
Title The scar of race
260 ## - PUBLICATION, DISTRIBUTION, ETC. (IMPRINT)
Place of publication Cambridge, Mass. :
Name of publisher Belknap Press of Harvard University Press,
Year of publication 1993.
300 ## - PHYSICAL DESCRIPTION
Number of Pages xi, 212 p. :
Other physical details ill.
650 #0 - SUBJECT ADDED ENTRY--TOPICAL TERM
Topical Term Race relations.
Topical Term Racism.
700 1# - ADDED ENTRY--PERSONAL NAME
Personal name Piazza, Thomas Leonard.
856 40 - ELECTRONIC LOCATION AND ACCESS
Uniform Resource Identifier http://site.ebrary.com/lib/rucke/Doc?id=10331356

No items available.

© 2026 Rongo University
Contact us: librarian | system librarian | Rongo university